KOHA-Header-6

MCSA/MCSE:Windows XP Professional Study Guide (Record no. 10695)

000 -LEADER
fixed length control field 00283nam a2200109Ia 4500
100 ## - MAIN ENTRY--AUTHOR NAME
Personal name Donald,Lisa
245 #0 - TITLE STATEMENT
Title MCSA/MCSE:Windows XP Professional Study Guide
260 ## - PUBLICATION, DISTRIBUTION, ETC. (IMPRINT)
Place of publication New York
Name of publisher Viva Books
Year of publication 1996
300 ## - PHYSICAL DESCRIPTION
Number of Pages 204
942 ## - ADDED ENTRY ELEMENTS (KOHA)
Koha item type Books

No items available.

Powered by Koha